1677 1320 1449 1317 1701 1582 1901 1952 1981 1084 1103 1361 1740 1863 1546 1148 1105 1088 1599 1517 1609 1009 1435 1483 1896 1391 1737 1334 1776 1305 1525 1543 1922 1184 1035 1820 1802 1155 1791 1653 1205 1687 1797 1419 1217 1894 1177 1371 1067 1620 1258 1749 1269 1296 1542 1748 1994 1690 1454 1363 1833 1413 1693 1110 1340 1865 1170 1658 1518 1500 1904 1808 1682 1687 1606 1808 1305 1449 1004 1759 1290 1944 1236 1900 1556 1815 1648 1355 1119 1467 1091 1164 1496 1396 1173 1846 1778 1924 1391 BCNSPRNW ULIB Ver.6.0+V

เปลี่ยนเป็นภาษาไทย

Change to English
 แสดงรายละเอียดบรรณานุกรม
  กลับหน้าหลัก

Brief Record : Get Marc (ISO 2709) : E-mail record : QR code < ปิดหน้าต่าง
LEADER : 00000nam 2200000uu 4500
001    13399120123
003     ULIB
008    120904s2553||||th 000 0 tha d
020    ^a9789742940737
060 04 ^aWY159^bก496 2553
245 00 ^aการพยาบาลเด็ก เล่ม 3 /^cพรทิพย์ ศิริบูรณ์พิพัฒนา,บรรณาธิการ
250    ^aพิมพ์ครั้งที่ 7
260    ^aนนทบุรี :^bโครงการสวัสดิการวิชาการ สถาบันพระบรมราชชนกกระทรวงสาธารณสุข,^c2553
300    ^a 274 หน้า :^bภาพประกอบ ;^c26 ซม.
650  7 ^aการพยาบาลกุมารเวชศาสตร์
700 0  ^aพรทิพย์ ศิริบูรณ์พิพัฒนา,^eบรรณาธิการ
710 2  ^aกระทรวงสาธารณสุข
710 2  ^aสถาบันพระบรมราชชนก. ^bโครงการสวัสดิการวิชาการ
945    ^p150^l0^i19416
945    ^p150^l0^i19417
945    ^p150^l0^i19418
945    ^p150^l0^i19419
945    ^p150^l0^i19519
995    ^aวิภา
999 ^a ใช้งานได้ทุกระบบ
รายการนี้ยังไม่มีแท็ก
คุณยังไม่ได้ล็อกอิน คุณสามารถมีกิจกรรมร่วมกับเว็บไซต์ได้ แต่ต้องล็อกอินก่อน ::
  ล็อกอิน

รายการสื่อสารสนเทศ

ลำดับที่ ประเภท เลขเรียก/บาร์โค้ด สถานที่ สถานะ
1. วิทยาศาสตร์การแพทย์ และสุขภาพ
วิทยาศาสตร์การแพทย์ และสุขภาพ
WY159 ก496 2553  
  Barcode: 19416
ห้องสมุดวิทยาเขตนครสวรรค์
►ส่วนจัดเก็บหนังสือเก่า นว.
บนชั้น
  ขอยืม
2. วิทยาศาสตร์การแพทย์ และสุขภาพ
วิทยาศาสตร์การแพทย์ และสุขภาพ
WY159 ก496 2553 ฉ.2 
  Barcode: 19417
ห้องสมุดวิทยาเขตนครสวรรค์
►ส่วนจัดเก็บหนังสือเก่า นว.
บนชั้น
  ขอยืม
3. วิทยาศาสตร์การแพทย์ และสุขภาพ
วิทยาศาสตร์การแพทย์ และสุขภาพ
WY159 ก496 2553 ฉ.3 
  Barcode: 19418
ห้องสมุดวิทยาเขตนครสวรรค์
►ส่วนจัดเก็บหนังสือเก่า นว.
บนชั้น
  ขอยืม
4. วิทยาศาสตร์การแพทย์ และสุขภาพ
วิทยาศาสตร์การแพทย์ และสุขภาพ
WY159 ก496 2553 ฉ.4 
  Barcode: 19419
ห้องสมุดวิทยาเขตนครสวรรค์
►ส่วนจัดเก็บหนังสือเก่า นว.
บนชั้น
  ขอยืม
5. วิทยาศาสตร์การแพทย์ และสุขภาพ
วิทยาศาสตร์การแพทย์ และสุขภาพ
WY159 ก496 2553 ฉ.5 
  Barcode: 19519
ห้องสมุดวิทยาเขตนครสวรรค์
►ส่วนจัดเก็บหนังสือเก่า นว.
บนชั้น
  ขอยืม

รายการใกล้เคียง
    หัวเรื่อง [การพยาบาลกุมารเวชศาสตร์]

BibComment


ยังไม่เคยถูกคอมเมนท์

คอมเมนท์ทรัพยากรรายการนี้
  คอมเมนท์: การพยาบาลเด็ก เล..


 Copyright 2026. Bcnsprnw @Library